| 000 | 00847nam a2200217Ia 4500 | ||
|---|---|---|---|
| 001 | 18917 | ||
| 005 | 20260323112006.0 | ||
| 008 | 260306s9999||||xx |||||||||||||| ||und|| | ||
| 041 | _aESP | ||
| 082 |
_a658.562 _bE391 2020 |
||
| 100 |
_aEvans, James R. _eAUT |
||
| 245 | 0 | _aAdministración y control de la calidad | |
| 260 | _c2020 | ||
| 300 |
_avarias paginaciones : _c27 cm. |
||
| 650 | _aGEN | ||
| 654 | _aCAN | ||
| 856 |
_uhttps://itmsp.museknowledge.com/UCSP?url=https://www.ebooks7-24.com:443/?il=10765&pg=1 _zVersión digital |
||
| 856 |
_uhttps://0u213tovv-y-https-ebooks7--24-com.itmsp.museknowledge.com/biblioteca.aspx _zVéase además: Base de datos Ebook7-24 |
||
| 856 |
_uhttps://0u20ftov2-y-https-research-ebsco-com.itmsp.museknowledge.com/c/qxo6us/search _zVéase además: Base de datos EBSCOhost |
||
| 942 |
_cLIB _dJUS _fJUS _2ddc |
||
| 999 |
_c18917 _d18917 |
||